[Event "AUTO-BEG-29"]
[Site "http://www.queenalice.com/game.php?id=217709"]
[Date "2007.5.29"]
[Round "2"]
[White "serapio"]
[Black "Soujiro"]
[Result "1-0"]
[WhiteElo "1603"]
[BlackElo "1394"]

1. e4 e5 2. g3 d5 3. Bg2 Nf6 4. exd5 Nxd5 5. c4 Nb6 6. b3 Bb4 7. a3 Bc5 8. b4
Bd4 9. Nc3 Bf5 10. Bxb7 O-O 11. Qf3 Bc8 12. Bxa8 Nxa8 13. Qxa8 Bd7 14. Qe4 f5
15. Qd3 Nc6 16. Nf3 Bxc3 17. Qxc3 e4 18. Ne5 Nxe5 19. Qxe5 Re8 20. Qf4 g5 21.
Qe3 Qa8 22. Qxg5+ 1-0

[Event "AUTO-BEG-29"]
[Site "http://www.queenalice.com/game.php?id=217710"]
[Date "2007.5.29"]
[Round "2"]
[White "Soujiro"]
[Black "serapio"]
[Result "1-0"]
[WhiteElo "1415"]
[BlackElo "1595"]

1. e4 e5 2. d4 Nc6 3. Nf3 g6 4. c3 d6 5. Bc4 a6 6. Bg5 Be7 7. Na3 Bxg5 8. Nxg5
Qxg5 9. O-O Bh3 10. Qf3 f6 11. Qxh3 Nge7 12. Qe6 Rf8 13. d5 Nd8 14. Qh3 b5 15.
Bb3 c6 16. dxc6 Rc8 17. Qd7# 1-0

[Event "AUTO-OPEN-706"]
[Site "http://www.queenalice.com/game.php?id=228036"]
[Date "2007.6.20"]
[Round "1"]
[White "i"]
[Black "Soujiro"]
[Result "1-0"]
[WhiteElo "1499"]
[BlackElo "1406"]

1. e4 e5 2. Nf3 Nf6 3. Nc3 Bc5 4. Bc4 O-O 5. Nxe5 d6 6. Nf3 Nc6 7. d4 Bb6 8. O-O
Bg4 9. Be3 Nh5 10. h3 Bxf3 11. Qxf3 Nf6 12. Bg5 h6 13. Bxf6 Qxf6 14. Qxf6 gxf6
15. Rad1 Na5 16. Bd3 Bxd4 17. Nb5 Bxb2 18. Rb1 Be5 19. Nxc7 1-0

[Event "AUTO-OPEN-706"]
[Site "http://www.queenalice.com/game.php?id=228037"]
[Date "2007.6.20"]
[Round "1"]
[White "Soujiro"]
[Black "i"]
[Result "0-1"]
[WhiteElo "1419"]
[BlackElo "1486"]

1. e4 e5 2. Nf3 Nc6 3. d4 Nxd4 4. Nxd4 exd4 5. Qxd4 c6 6. Bc4 Qf6 7. Qxf6 Nxf6
8. Nc3 Bb4 9. a3 Bxc3+ 10. bxc3 Nxe4 11. Be3 Nxc3 12. Bg5 d5 13. Bd3 h6 14. Bd2
Na4 15. O-O Nc5 16. Be2 O-O 17. Bc3 Bf5 18. Rac1 Rfe8 0-1

[Event "AUTO-OPEN-706"]
[Site "http://www.queenalice.com/game.php?id=228058"]
[Date "2007.6.20"]
[Round "1"]
[White "Soujiro"]
[Black "magalhaes"]
[Result "0-1"]
[WhiteElo "1423"]
[BlackElo "1786"]

1. e4 e5 2. Nf3 Nc6 3. d4 exd4 4. Nxd4 d6 5. Nc3 Nf6 6. Bc4 Ne5 7. Bb5+ c6 8.
Ba4 Bd7 9. Bf4 Be7 10. Qe2 Bg4 11. f3 Be6 12. O-O-O Qa5 13. Bd2 b5 14. Bb3 Bxb3
15. Nxb3 Qc7 16. g4 b4 17. Na4 c5 18. f4 Nc6 19. g5 Nd7 20. f5 f6 21. Qh5+ Kd8
22. Qf7 Qa5 23. Nxa5 Nxa5 0-1

[Event "AUTO-OPEN-706"]
[Site "http://www.queenalice.com/game.php?id=228059"]
[Date "2007.6.20"]
[Round "1"]
[White "magalhaes"]
[Black "Soujiro"]
[Result "1-0"]
[WhiteElo "1788"]
[BlackElo "1421"]

1. e4 e5 2. Nf3 Nf6 3. Nc3 Nc6 4. d4 d6 5. dxe5 dxe5 6. Bb5 Qxd1+ 7. Nxd1 Bd7 8.
O-O O-O-O 9. Bg5 h6 10. Be3 Kb8 11. Nc3 Nb4 12. Nxe5 Rg8 13. Rad1 Nxc2 14. Nxd7+
Nxd7 15. Rxd7 Rxd7 16. Bxd7 g6 17. Be8 c5 18. Bf4+ Kc8 19. Bxf7 Rg7 20. Be6+ Kd8
21. Bxh6 Re7 22. Bg5 Ke8 23. Bxe7 1-0

[Event "AUTO-INT-496"]
[Site "http://www.queenalice.com/game.php?id=228130"]
[Date "2007.6.20"]
[Round "1"]
[White "Soujiro"]
[Black "filipewao"]
[Result "0-1"]
[WhiteElo "1448"]
[BlackElo "1534"]

1. e4 e6 2. Nf3 d5 3. e5 c5 4. b4 c4 5. d4 Bxb4+ 6. c3 Nh6 7. Qa4+ Nc6 8. cxb4
a6 9. b5 Ne7 10. Bg5 Bd7 11. Nc3 O-O 12. Bh4 axb5 13. Qb4 Nhf5 14. Be2 Nxh4 15.
Nxh4 Nc6 16. Qc5 Qxh4 17. g3 Qh3 18. Nxb5 Rac8 19. Nd6 Ra8 20. Nxb7 Qh6 21. O-O
Rab8 22. Na5 f6 23. exf6 Qxf6 24. Qd6 Nxd4 0-1

[Event "AUTO-INT-496"]
[Site "http://www.queenalice.com/game.php?id=228131"]
[Date "2007.6.20"]
[Round "1"]
[White "filipewao"]
[Black "Soujiro"]
[Result "1-0"]
[WhiteElo "1547"]
[BlackElo "1435"]

1. d4 d5 2. Nf3 Nf6 3. e3 e6 4. Nc3 Bd6 5. Bd3 Nc6 6. Bb5 Bd7 7. Ng5 Qe7 8. Qg4
Nxg4 9. Bd3 Nb4 10. Nf3 O-O-O 11. O-O f5 12. Nb5 Bxb5 13. Bxb5 Qf6 14. b3 Nxc2
15. Rb1 a6 16. Bd3 Na3 17. Rb2 Bb4 18. e4 fxe4 19. Bg5 Qf5 20. Bxd8 Kxd8 21.
Bxe4 Qxe4 22. h3 Nh6 23. Ng5 Qf5 24. Nf3 Nb5 25. Re1 1-0

[Event "AUTO-INT-496"]
[Site "http://www.queenalice.com/game.php?id=228132"]
[Date "2007.6.20"]
[Round "1"]
[White "Soujiro"]
[Black "IkeBroflovski"]
[Result "0-1"]
[WhiteElo "1425"]
[BlackElo "1635"]

1. e4 e6 2. d4 d5 3. Nc3 Nc6 4. Bf4 dxe4 5. Nb5 Bd6 6. Ne2 Nf6 7. Qd2 O-O 8. g3
a6 9. Nxd6 cxd6 10. O-O-O d5 11. Bh3 Bd7 12. Nc3 b5 13. f3 b4 14. Na4 exf3 15.
Bd6 Ne4 16. Qe1 Nxd6 17. Nc5 Nb5 18. Bg4 Nbxd4 19. Qe3 Nb5 20. Bxf3 a5 21. Qf4
Bc8 22. Kd2 Qb6 23. Nd3 Nbd4 24. Ne5 Nxe5 25. Qxe5 Nxf3+ 26. Ke2 Ba6+ 27. Kxf3
Rac8 28. g4 Rxc2 29. h4 Qf2# 0-1

[Event "AUTO-INT-496"]
[Site "http://www.queenalice.com/game.php?id=228133"]
[Date "2007.6.20"]
[Round "1"]
[White "IkeBroflovski"]
[Black "Soujiro"]
[Result "1-0"]
[WhiteElo "1581"]
[BlackElo "1425"]

1. Nf3 d5 2. d4 Nc6 3. c4 Bg4 4. cxd5 Bxf3 5. exf3 Qxd5 6. Be3 O-O-O 7. Nc3 Qd7
8. d5 Ne5 9. Qb3 e6 10. dxe6 fxe6 11. Bb5 Qf7 12. Bxa7 Nf6 13. O-O Bd6 14. Na4
Nd5 15. Nc5 b6 16. Ba6# 1-0

[Event "AUTO-INT-496"]
[Site "http://www.queenalice.com/game.php?id=228134"]
[Date "2007.6.20"]
[Round "1"]
[White "Soujiro"]
[Black "Nascimento"]
[Result "1-0"]
[WhiteElo "1433"]
[BlackElo "1405"]

1. e4 e5 2. Nf3 Nc6 3. Bc4 f6 4. c3 Na5 5. Bd5 Ne7 6. d4 c6 7. Bb3 Nxb3 8. Qxb3
Ng6 9. Nbd2 Nf4 10. O-O Ne2+ 11. Kh1 Nxc1 12. Raxc1 b5 13. dxe5 a5 14. exf6 Qxf6
15. Nd4 a4 16. Qd1 Bd6 17. Qh5+ g6 18. Qh6 1-0

[Event "AUTO-INT-496"]
[Site "http://www.queenalice.com/game.php?id=228135"]
[Date "2007.6.20"]
[Round "1"]
[White "Nascimento"]
[Black "Soujiro"]
[Result "0-1"]
[WhiteElo "1421"]
[BlackElo "1417"]

1. d4 d5 2. Nc3 Nc6 3. Bf4 Bf5 4. Nb5 Rc8 5. Nf3 e6 6. Bg5 f6 7. Bf4 a6 8. Nc3
Bb4 9. a3 Ba5 10. b4 Bb6 11. e3 e5 12. dxe5 fxe5 13. Bg5 Qd7 14. Nh4 h6 15. Qh5+
g6 16. Nxg6 Rh7 17. Nxe5+ Qf7 0-1

[Event "Challenge"]
[Site "http://www.queenalice.com/game.php?id=228740"]
[Date "2007.6.21"]
[Round "-"]
[White "AuntieRenie"]
[Black "Soujiro"]
[Result "1-0"]
[WhiteElo "1480"]
[BlackElo "1439"]

1. c4 e5 2. Nc3 Nf6 3. e4 c6 4. Nf3 d5 5. Nxe5 Na6 6. cxd5 cxd5 7. Qa4+ Bd7 8.
Nxd7 Nxd7 9. Nxd5 Bc5 10. Bxa6 bxa6 11. d4 Bd6 12. e5 Qh4 13. exd6 O-O 14. O-O
Qg4 15. Be3 Rac8 16. Ne7+ Kh8 17. Nxc8 Rxc8 18. Qxa6 Nf6 19. Qxa7 Nd7 20. Rac1
Rb8 21. b3 f5 22. Qxd7 1-0